Soil improvement for earthquake hazard mitigation : (Record no. 549913)
[ view plain ]
| 000 -LEADER | |
|---|---|
| fixed length control field | 00985pam a2200217 a 4500 |
| 020 ## - INTERNATIONAL STANDARD BOOK NUMBER | |
| International Standard Book Number | 0784401233 |
| 082 00 - DEWEY DECIMAL CLASSIFICATION NUMBER | |
| Classification number | 624.15136 |
| Author Mark | SOI |
| -- | L-NUST, P-19 |
| 245 00 - TITLE STATEMENT | |
| Title | Soil improvement for earthquake hazard mitigation : |
| Remainder of title | proceedings of sessions sponsored by the Soil Improvement and Geosynthetics Committees of the Geotechnical Engineering Division of the American Society of Civil Engineers in conjunction with the ASCE National Convention, San Diego, California, October 22-26, 1995 / |
| Statement of responsibility, etc. | edited by Roman D. Hryciw. |
| 260 ## - PUBLICATION, DISTRIBUTION, ETC. | |
| Place of publication, distribution, etc. | New York : |
| Name of publisher, distributor, etc. | The Society, |
| Date of publication, distribution, etc. | c1995. |
| 300 ## - PHYSICAL DESCRIPTION | |
| Extent | vii, 141 p. : |
| Other physical details | ill., maps ; |
| Dimensions | 22 cm. |
| 526 ## - STUDY PROGRAM INFORMATION NOTE | |
| Program name | 0 |
| Interest level | 0 |
| Reading level | 0 |
| Title point value | 624_151360000000000_SOI |
| 650 #0 - SUBJECT ADDED ENTRY--TOPICAL TERM | |
| Topical term or geographic name entry element | Earthquake engineering |
| 650 #0 - SUBJECT ADDED ENTRY--TOPICAL TERM | |
| Topical term or geographic name entry element | Hazard mitigation |
| 9 (RLIN) | 30334 |
| 650 #0 - SUBJECT ADDED ENTRY--TOPICAL TERM | |
| Topical term or geographic name entry element | NUST |
| 9 (RLIN) | 6342 |
| 650 #0 - SUBJECT ADDED ENTRY--TOPICAL TERM | |
| Topical term or geographic name entry element | Soil liquefaction |
| 9 (RLIN) | 24576 |
| 650 #0 - SUBJECT ADDED ENTRY--TOPICAL TERM | |
| Topical term or geographic name entry element | Soil mechanics |
| 650 #0 - SUBJECT ADDED ENTRY--TOPICAL TERM | |
| Topical term or geographic name entry element | Soil stabilization |
| 9 (RLIN) | 13080 |
| 700 1# - ADDED ENTRY--PERSONAL NAME | |
| Personal name | Hryciw, Roman D. |
| 9 (RLIN) | 46615 |
| 710 2# - ADDED ENTRY--CORPORATE NAME | |
| Corporate name or jurisdiction name as entry element | American Society of Civil Engineers. |
| 9 (RLIN) | 702 |
| 942 ## - ADDED ENTRY ELEMENTS (KOHA) | |
| Source of classification or shelving scheme | |
| Koha item type | Book |
| Withdrawn status | Lost status | Source of classification or shelving scheme | Damaged status | Not for loan | Permanent Location | Current Location | Date acquired | Total Checkouts | Full call number | Barcode | Date last seen | Price effective from | Koha item type |
|---|---|---|---|---|---|---|---|---|---|---|---|---|---|
| Military College of Engineering (MCE) | Military College of Engineering (MCE) | 10/16/2014 | 624.15136 SOI | MCE-43981 | 10/16/2014 | 03/14/2021 | Book |
